000
00317nam a22001217a 4500
041
_a
ENG
100
_a
MCAER
245
_a
Krishi Hawaman Gat Nihay Sanshoodhan Shifarashi V Vividh Vibhagasathi Sheti Paddhati
260
_a
Mharashst
_b
MCAER
_c
2006
300
_a
188
650
_a
Marhati (33)
856
_u
Marhati (33)
999
_c
2989
_d
2989